00625nam a2200169 a 4500008004100000020001500041050001400056100002200070245004500092260003900137300001500176350000900191650003200200995008400232999001700316952012200333120416s1981 ||||||||||||||||| || u a034024187X aQE 28 Ath aAtherton, Michael10aStudy the earth: rocks and earth history aLondonbHodder and Stoughtonc1981 a80p. : ill a0.00 aGEOLOGY--STUDY AND TEACHING D0.00FCBU-MAIN LIBRARY (Kitwe)H1I0.00UAVAILABLEZAnnex Low-Usage Collection  c59000d59000 00102lcc4070a001b001cAnnex Low-Usage Collection d2022-11-30l0oQE 28 Athp012576r2022-11-30w2022-11-30y002